| 000 -LEADER | |
|---|---|
| fixed length control field | 00441nam a22001817a 4500 |
| 005 - DATE AND TIME OF LATEST TRANSACTION | |
| control field | 20180813112610.0 |
| 008 - FIXED-LENGTH DATA ELEMENTS--GENERAL INFORMATION | |
| fixed length control field | 160518b xxu||||| |||| 00| 0 eng d |
| 020 ## - INTERNATIONAL STANDARD BOOK NUMBER | |
| ISBN | 978-0-07-009153-5 |
| 041 ## - LANGUAGE CODE | |
| Language code of text/sound track or separate title | eng |
| 082 ## - DEWEY DECIMAL CLASSIFICATION NUMBER | |
| Item number | 3026 |
| Classification number | 658.5 |
| 100 ## - MAIN ENTRY--AUTHOR NAME | |
| Personal name | CHARY, S.N. |
| 245 ## - TITLE STATEMENT | |
| Title | Production and Operations Management |
| 250 ## - EDITION STATEMENT | |
| Edition statement | 4TH ED. |
| 260 ## - PUBLICATION, DISTRIBUTION, ETC. (IMPRINT) | |
| Place of publication | New Delhi |
| Name of publisher | TMH, |
| Year of publication | 2009 |
| 300 ## - PHYSICAL DESCRIPTION | |
| Number of Pages | 1.12p, |
| 650 ## - SUBJECT ADDED ENTRY--TOPICAL TERM | |
| Topical Term | Management |
| 942 ## - ADDED ENTRY ELEMENTS (KOHA) | |
| Koha item type | Books |
| Lost status | Damaged status | Collection code | Home library | Current library | Shelving location | Date acquired | Full call number | Accession Number | Koha item type |
|---|---|---|---|---|---|---|---|---|---|
| MANAGEMENT | JRU Library | JRU Library | SHELF- 68 D | 18/05/2016 | 658.5 | 3026 | Books | ||
| MANAGEMENT | JRU Library | JRU Library | SHELF- 68 D | 18/05/2016 | 658.5 | 3027 | Books | ||
| MANAGEMENT | JRU Library | JRU Library | SHELF-76-M | 18/05/2016 | 658.5 | 3028 | Books | ||
| MANAGEMENT | JRU Library | JRU Library | SHELF- 68 D | 18/05/2016 | 658.5 | 3029 | Books | ||
| MANAGEMENT | JRU Library | JRU Library | SHELF- 68 D | 18/05/2016 | 658.5 | 3030 | Books | ||
| MANAGEMENT | JRU Library | JRU Library | SHELF- 68 D | 18/05/2016 | 658.5 | 3031 | Books | ||
| MANAGEMENT | JRU Library | JRU Library | SHELF- 68 D | 18/05/2016 | 658.5 | 3032 | Books | ||
| MANAGEMENT | JRU Library | JRU Library | SHELF- 68 D | 18/05/2016 | 658.5 | 3033 | Books | ||
| MANAGEMENT | JRU Library | JRU Library | SHELF-76-M | 18/05/2016 | 658.5 | 3034 | Books | ||
| MANAGEMENT | JRU Library | JRU Library | SHELF- 68 D | 18/05/2016 | 658.5 | 3035 | Books | ||
| MANAGEMENT | JRU Library | JRU Library | SHELF-76-M | 18/05/2016 | 658.5 | 3036 | Books | ||
| JRU Library | SHELF - 19 - K | 18/05/2016 | 658.5 | 3037 | Books | ||||
| MANAGEMENT | JRU Library | JRU Library | SHELF-76-M | 18/05/2016 | 658.5 | 3038 | Books |